01776cam a2200373Mi 4500001001300000005001700013008004100030010001700071016002200088020001500110020001800125020001800143020001500161024001800176024001800194035002100212040004400233050001100277060001100288245007500299246004000374246002800414260003700442300003500479490003300514520064500547546002201192650002701214650003301241650004901274650002201323700002801345700002901373ocn88392164120180312144709.0171023s2014 xx d 000 0 eng d a 20120500137 a7346960352DE-101 z0195388569 a9780195388565 a9780190669386 z01906693813 a97801953885653 a9780190669386 a(OCoLC)883921641 aCo-BoUCMbspacSaul NiñodSaul Niño 0aHV6545 aWM 16504aThe Oxford handbook of suicide and self-injuryced. by Matthew L. Nock13aHandbook of suicide and self-injury13aSuicide and self-injury aOxfordbOxford Univ. Pressc2014 axvi, 516 páginasbgráficas0 aOxford library of psychology aSuicide is a perplexing human behavior that remains among the leading causes of death worldwide, responsible for more deaths each year than all wars, genocide, and homicide combined. Although suicide and other forms of self-injury have baffled scholars and clinicians for thousands of years, the past few decades have brought significant leaps in our understanding of these behaviors. This volume provides a comprehensive summary of the most important and exciting advances in our understanding of suicide and self-injury and our ability to predict and prevent it. Keywords: suicide, self-injury, psychology, clinical psychology, self-harm. aTexto en inglés27aEnfermedades mentales 27aPersonalidad (Psicología) 27aTrastornos de la personalidad xPsicología17aConducta suicida 1 aNock, Matthew Keeditor1 aNathan, Peter E.eeditor